000 00426nam a22001697a 4500
999 _c11523
_d11523
003 OSt
008 220910b ||||| |||| 00| 0 eng d
020 _a9789386376145
082 _a510 BHE
100 _aBHATIA, H.K. and Others
245 _aElements of Business Mathematics
250 _a21st.Re.ed.
260 _aNew Delhi
_bJeevansons Publications
_c2022
300 _aMISC.
650 _aB.Com.
942 _2ddc
_cBK
_0141